| 000 | 00700nam a22002057a 4500 | ||
|---|---|---|---|
| 003 | OSt | ||
| 005 | 20260423034859.0 | ||
| 008 | 260423b |||||||| |||| 00| 0 eng d | ||
| 020 | _a971-27-1472-1 | ||
| 040 |
_aOC _cDWC-Main Lib |
||
| 082 | _aFil. 301.095 D249 2004 | ||
| 100 | _aDavid, R. | ||
| 245 |
_aNation, self and citizenship : _b an invitation to Philippine sociology _cDavid, Randolf S. |
||
| 260 |
_aPasig City : _b Anvil Publishing, Inc., _c c2004 |
||
| 300 |
_axi, 368 pages : _c23 cm. |
||
| 504 | _aIncludes index | ||
| 650 | _a1. Philippine social conditions | ||
| 650 | _a2. Sociology. | ||
| 942 |
_2ddc _cBK - FIL _hFil. 301.095 D249 2004 _kFil. _n0 |
||
| 999 |
_c9780 _d9780 |
||